000 00655cam a22001812 b4500
020 _a041924610X (Trade Cloth)
020 _a9780419246107
082 0 0 _a624.175
_bHOL
_cN-01, P-108
100 1 _aHolmes, John D.
_942798
245 1 0 _aWind Loading of Structures
260 _bSpon Press [Imprint]
_cJuly 2001
_aNew York :
_bRoutledge
_aFlorence :
_bTaylor & Francis Group [Distributor]
300 _aviii, 356P.
520 8 _aAnnotation
526 _a0
_b0
_c0
_d624_175000000000000_HOL
856 4 0 _uhttp://www.columbia.edu/cgi-bin/cul/resolve?clio7940231.001
856 4 0 _uhttp://www.columbia.edu/cgi-bin/cul/resolve?clio7940231.002
942 _2ddc
_cBK
999 _c546632
_d546632